000 00601nam a22002057a 4500
005 20210423055024.0
008 210224s2012 ||||| |||| 00| 0 eng d
040 _aeng
_cDLC
041 _aeng
_hgeo
080 _a663.2
_bK-39
100 _91085
_aKetskhoveli, N.
245 _aGeorgian Ampelography
_c/ by: Tbilisi USSR Science Academy Press
260 _aTbilisi
_bTbilisi USSR Science Academy Press
_c2012
300 _a453 p.
_bill.
650 0 _9729
_aWine Making
653 _aმეღვინეობა
700 _91086
_aRamishvili, M.
700 _91087
_aTabidze, D.
942 _2udc
_cBK
999 _c1679
_d1679